000 00428nam a2200133Ia 4500
005 20260328101508.0
008 260328s9999||||xx |||||||||||||| ||und||
100 _aPatiño Mazo, Ever
245 0 _aGeneración y transFormación de la Forma :
_b Morfología, geometría, naturaleza y experimentación /
_cEver Patiño Mazo
260 _bUniversidad Pontificia Bolivariana
300 _a194 p.
650 _aGEOMETRÍA
942 _cBK
999 _c9086
_d9086